Assessing the critical success factors for the establishment of new branches in KCB : a case study of the Nairobi Region /
Đã lưu trong:
| Tác giả chính: | |
|---|---|
| Định dạng: | Sách |
| Ngôn ngữ: | Tiếng Anh |
| Được phát hành: |
Nairobi, Kenya :
Daystar University,
2013.
|
| Những chủ đề: | |
| Các nhãn: |
Không có thẻ, Là người đầu tiên thẻ bản ghi này!
|
MARC
| LEADER | 00000nam a2200000 4500 | ||
|---|---|---|---|
| 001 | 0000057959 | ||
| 003 | KE-NaDUL | ||
| 005 | 20220719182716.0 | ||
| 008 | 140428s xx 000 0 eng d | ||
| 952 | |0 0 |1 0 |4 0 |6 HD_31_000000000000000_N58_2013 |7 0 |9 65954 |a DUN |b DUN |c AFR |d 2017-09-28 |g 0.00 |l 0 |o THES HD31.N58 2013 |p BK96321 |r 2017-09-28 00:00:00 |w 2017-09-28 |x 96321 |y THES | ||
| 999 | |c 35151 |d 35151 | ||
| 040 | |d Dmoga |c DUL | ||
| 050 | 0 | |a HD31 |b .N58 | |
| 100 | |a Nguyo, Esther. |9 11066 | ||
| 245 | |a Assessing the critical success factors for the establishment of new branches in KCB : |b a case study of the Nairobi Region / |c Esther Nguyo. | ||
| 260 | |a Nairobi, Kenya : |b Daystar University, |c 2013. | ||
| 300 | |a xii, 114 p. ; | ||
| 500 | |a A thesis presented to the School of Business and Economics of Daystar University Nairobi, Kenya in partial fulfillment of the requirements for the degree of Master of Business Administration in Strategic Management. | ||
| 650 | |a Management. |9 11067 | ||
| 650 | |a Organizanational expansion. |9 11068 | ||
| 908 | |a 140428 | ||
| 942 | |c THES |2 lcc | ||